| 000 | 00000nam##2200000za#4500 |
| 001 | 9.700177 |
| 003 | CaOODSP |
| 005 | 20210625000721 |
| 007 | cr ||||||||||| |
| 008 | 150407|2014||||xxc|||||o f|0| 0 eng|d |
| 020 | |a978-1-100-25468-5 |
| 040 | |aCaOODSP|beng |
| 043 | |an-cn--- |
| 086 | 1 |aTT4-41/2014E-PDF |
| 110 | 2 |aCanadian Transportation Agency. |
| 245 | 10|aImplementation guide regarding automated self-service kiosks |h[electronic resource] |
| 260 | |aOttawa - Ontario : |bCanadian Transportation Agency |cDecember 2014. |
| 300 | |a15p. |
| 590 | |a15-11|b2015-03-13 |
| 690 | 07|aCustomer services|2gcpds |
| 775 | 08|tGuide de mise en Ĺ“uvre touchant les guichets libre-service automatisés |w(CaOODSP)9.644087 |
| 856 | 40|ahttp://publications.gc.ca|qPDF|s210 KB|uhttps://publications.gc.ca/collections/collection_2015/otc-cta/TT4-41-2014-eng.pdf |